[Event "Asia zt 3.2 (Women)"]
[Site "Dhaka"]
[Date "2023.05.09"]
[Round "8"]
[White "Hamid, Rani"]
[Black "Lohani, Sujana"]
[Result "0-1"]
[WhiteElo "1800"]
[BlackElo "1754"]
[PlyCount "124"]
[EventDate "2023.05.02"]
[EventType "tourn"]
[EventRounds "9"]
[EventCountry "BAN"]
[SourceTitle "CBM 215 Extra"]
[Source "ChessBase"]
[SourceDate "2023.09.30"]
[SourceVersion "1"]
[SourceVersionDate "2023.09.30"]
[SourceQuality "1"]

1. e4 g6 2. d4 Bg7 3. f4 d6 4. Nf3 a6 5. c3 b6 6. Bd3 Bb7 7. 0-0 e6 8. f5 e5 9. Bg5 f6 10. Bh4 Nd7 11. Nbd2 Qe7 12. Bg3 gxf5 13. exf5 Kd8 14. Re1 Kc8 15. b4 Qf7 16. dxe5 fxe5 17. Ng5 Qe7 18. Ne6 Ngf6 19. Bh4 Rg8 20. Ne4 Qf7 21. N4g5 Qe8 22. c4 Bh6 23. Ne4 Ng4 24. Bg3 Ne3 25. Qf3 Ng4 26. a4 a5 27. b5 Qf7 28. Bc2 Ngf6 29. Qe2 Nh5 30. Bf2 Nf4 31. Nxf4 exf4 32. Rad1 Kb8 33. Bd4 Ka7 34. Kh1 Rae8 35. Qd2 Kb8 36. Qf2 Qxc4 37. Bd3 Qf7 38. Qh4 Qxf5 39. Qxh6 Bxe4 40. Rxe4 Rxe4 41. Rf1 d5 42. Bg1 Rge8 43. Qc6 Qe6 44. Qc2 Nf6 45. Rc1 Re7 46. Qb2 Qe5 47. Qc2 Re1 48. Rxe1 Qxe1 49. Qb2 Ne4 50. Qd4 Rd7 51. Bc2 Qd2 52. Qh8+ Ka7 53. Qe8 Rg7 54. Bxe4 dxe4 55. Qxe4 Qd6 56. Qe1 Qb4 57. Qa1 Re7 58. Qf6 Qe4 59. h3 Qe5 60. Qf8 Rg7 61. Bh2 Qe1+ 62. Bg1 Qg3 0-1

[Event "BAN-ch (Women)"]
[Site "Dhaka"]
[Date "2022.11.27"]
[Round "10"]
[White "Sabiha, Marjana"]
[Black "Hamid, Rani"]
[Result "1/2-1/2"]
[WhiteElo "1267"]
[BlackElo "1760"]
[PlyCount "173"]
[EventDate "2022.11.17"]
[EventType "tourn"]
[EventRounds "11"]
[EventCountry "BAN"]
[SourceTitle "CBM 211 Extra"]
[Source "ChessBase"]
[SourceDate "2023.01.31"]
[SourceVersion "1"]
[SourceVersionDate "2023.01.31"]
[SourceQuality "1"]

1. e4 c5 2. d3 Nc6 3. Nf3 d6 4. b3 Bg4 5. Bb2 e6 6. Nbd2 Nf6 7. g3 Be7 8. Bg2 0-0 9. 0-0 Rc8 10. a3 b5 11. c4 a6 12. Qc2 Nd7 13. Qb1 Nde5 14. Nxe5 dxe5 15. Re1 Qd6 16. Bf3 Bxf3 17. Nxf3 Rfd8 18. Rd1 Rb8 19. Qc2 f6 20. Bc1 bxc4 21. bxc4 Na5 22. Be3 Rb3 23. Ne1 Rdb8 24. Rdb1 R8b7 25. Bd2 Qb8 26. Rxb3 Nxb3 27. Rb1 a5 28. a4 Nd4 29. Rxb7 Qxb7 30. Qd1 Bd8 31. Be3 Qd7 32. Bxd4 exd4 33. Qb3 Kf7 34. Nc2 h5 35. Qb5 Qc7 36. Ne1 h4 37. Kg2 hxg3 38. hxg3 g5 39. Nf3 f5 40. exf5 exf5 41. Nd2 g4 42. Nb3 Be7 43. Nxa5 f4 44. gxf4 Qxf4 45. Qc6 Bd6 46. Qd5+ Kg7 47. Qe4 Qh2+ 48. Kf1 Qh3+ 49. Ke2 g3 50. fxg3 Qh2+ 51. Kf1 Qh3+ 52. Qg2 Qf5+ 53. Ke2 Qe5+ 54. Kd2 Qe3+ 55. Kc2 Bxg3 56. Nb7 Kh6 57. Nxc5 Bf4 58. Nb3 Qe8 59. Qh3+ Kg5 60. Qg2+ Kf6 61. Qe4 Be5 62. Nc5 Qe7 63. Qh4+ Kf7 64. Qxe7+ Kxe7 65. Kb3 Kd6 66. Kb4 Kc6 67. Ne4 Bc7 68. Nf6 Bd6+ 69. Ka5 Be5 70. Nd5 Bg3 71. Ka6 Be1 72. Nf4 Bc3 73. Ne2 Kc5 74. a5 Be1 75. Nf4 Bc3 76. Ne6+ Kc6 77. Nd8+ Kc7 78. Nb7 Kc6 79. Ka7 Kc7 80. a6 Bb4 81. c5 Ba3 82. c6 Bb4 83. Nd8 Bc5+ 84. Ka8 Bb6 85. Ne6+ Kc8 86. a7 Bxa7 87. Kxa7 1/2-1/2

[Event "Raipur Chhattisgarh"]
[Site "Raipur"]
[Date "2022.09.20"]
[Round "2"]
[White "Mrudul, Dehankar"]
[Black "Hamid, Rani"]
[Result "1-0"]
[WhiteElo "2256"]
[BlackElo "1810"]
[PlyCount "139"]
[EventDate "2022.09.19"]
[EventType "swiss"]
[EventRounds "10"]
[EventCountry "IND"]
[SourceTitle "CBM 210 Extra"]
[Source "ChessBase"]
[SourceDate "2022.11.30"]
[SourceVersion "1"]
[SourceVersionDate "2022.11.30"]
[SourceQuality "1"]

1. e4 c5 2. Nf3 e6 3. d4 cxd4 4. Nxd4 a6 5. Bd3 Nf6 6. 0-0 Qc7 7. Qe2 d6 8. c4 Be7 9. Nc3 0-0 10. f4 Nbd7 11. Be3 b6 12. b4 Bb7 13. a3 Rac8 14. g4 g6 15. g5 Nh5 16. Rac1 Qd8 17. Nf3 Re8 18. Qf2 Bf8 19. f5 exf5 20. exf5 Ne5 21. Nxe5 Rxe5 22. Nd5 Bxd5 23. cxd5 Rxc1 24. Bxc1 gxf5 25. Bxf5 Ng7 26. Bg4 Qc7 27. Qf3 Qb7 28. Rd1 Qe7 29. Qg3 b5 30. Bf4 Re4 31. Rf1 Qa7+ 32. Kh1 Qd4 33. Qf3 Qxd5 34. Bg3 Rd4 35. Qxd5 Rxd5 36. Rc1 Rxg5 37. Bf3 Ne6 38. Bb7 Nd4 39. Bf2 Ne2 40. Rc2 Re5 41. Bxa6 Nf4 42. Rd2 Ne6 43. Rd3 Nc7 44. Bb7 Be7 45. Bg3 Re6 46. Bc8 Rg6 47. Bf5 Rf6 48. Bd7 Rg6 49. Rc3 Bd8 50. Rc6 Kg7 51. Rxd6 Ne6 52. Bxb5 Bc7 53. Be5+ Kh6 54. Rxe6 Rxe6 55. Bxc7 f5 56. Kg2 Kg5 57. Kf3 Re1 58. Bf4+ Kf6 59. a4 Rb1 60. Bd2 Rh1 61. Bf4 Rb1 62. Bd6 Ke6 63. Bc5 Ke5 64. a5 Rb3+ 65. Kf2 f4 66. a6 Rb2+ 67. Kf3 Rb3+ 68. Kg4 f3 69. a7 f2 70. a8Q 1-0

[Event "Dhaka Sheikh Russel op"]
[Site "Dhaka"]
[Date "2021.10.25"]
[Round "7"]
[White "Wadifa, Ahmed"]
[Black "Hamid, Rani"]
[Result "1/2-1/2"]
[WhiteElo "1761"]
[BlackElo "1886"]
[PlyCount "92"]
[EventDate "2021.10.19"]
[EventType "swiss"]
[EventRounds "9"]
[EventCountry "BAN"]
[SourceTitle "EXT 2023"]
[Source "ChessBase"]
[SourceDate "2022.10.05"]
[SourceVersion "1"]
[SourceVersionDate "2022.10.05"]
[SourceQuality "1"]

1. e4 c5 2. Nf3 e6 3. d4 cxd4 4. Nxd4 a6 5. Bd3 Nc6 6. Nxc6 bxc6 7. 0-0 Nf6 8. Qe2 d5 9. Nd2 Be7 10. c4 Qc7 11. f4 dxe4 12. Nxe4 Nxe4 13. Bxe4 0-0 14. Be3 f5 15. Bf3 Rb8 16. c5 Bf6 17. Rab1 a5 18. b3 Re8 19. Qc4 Rb4 20. Qc2 e5 21. Bd2 Rd4 22. fxe5 Bxe5 23. h3 Ba6 24. Bc3 Bxf1 25. Bxd4 Bxd4+ 26. Kxf1 Qf4 27. Rd1 Rd8 28. Qd2 Qh2 29. Qxd4 Rxd4 30. Rxd4 Qe5 31. Rd8+ Kf7 32. Bxc6 Qxc5 33. Bf3 Kf6 34. a4 Qc1+ 35. Rd1 Qc2 36. Rd5 Qxb3 37. Rxa5 Qb4 38. Ra8 g5 39. g4 Ke5 40. gxf5 Kf4 41. Bg4 Kg3 42. Re8 Qxa4 43. Re3+ Kh4 44. Bf3 Qb5+ 45. Kg2 Qxf5 46. Re4+ Qxe4 1/2-1/2

[Event "Dhaka Sheikh Russel op"]
[Site "Dhaka"]
[Date "2021.10.24"]
[Round "6"]
[White "Md Abu, Hanif"]
[Black "Hamid, Rani"]
[Result "1-0"]
[WhiteElo "2045"]
[BlackElo "1886"]
[PlyCount "52"]
[EventDate "2021.10.19"]
[EventType "swiss"]
[EventRounds "9"]
[EventCountry "BAN"]
[SourceTitle "CBM 204 Extra"]
[Source "ChessBase"]
[SourceDate "2021.11.30"]
[SourceVersion "1"]
[SourceVersionDate "2021.11.30"]
[SourceQuality "1"]

1. d4 d5 2. c4 e6 3. Nf3 Nf6 4. Nc3 c6 5. e3 Nbd7 6. Be2 Bd6 7. 0-0 0-0 8. b3 Re8 9. Bb2 b6 10. Rc1 Bb7 11. cxd5 exd5 12. Bd3 Ne4 13. Ne2 Re6 14. Nf4 Rh6 15. Qc2 Qe7 16. g3 g5 17. Ng2 Re8 18. h4 gxh4 19. Ngxh4 Qf6 20. Kg2 Kh8 21. Rh1 Rg8 22. Bxe4 dxe4 23. d5 exf3+ 24. Nxf3 Ne5 25. Nxe5 Bxe5 26. Rxh6 Qxh6 1-0

[Event "Dhaka Sheikh Russel op"]
[Site "Dhaka"]
[Date "2021.10.20"]
[Round "2"]
[White "Hamid, Rani"]
[Black "Anata, Choudhury"]
[Result "0-1"]
[WhiteElo "1886"]
[BlackElo "2123"]
[PlyCount "138"]
[EventDate "2021.10.19"]
[EventType "swiss"]
[EventRounds "9"]
[EventCountry "BAN"]
[SourceTitle "CBM 204 Extra"]
[Source "ChessBase"]
[SourceDate "2021.11.30"]
[SourceVersion "1"]
[SourceVersionDate "2021.11.30"]
[SourceQuality "1"]

1. e4 c5 2. Nf3 d6 3. d4 cxd4 4. Nxd4 Nf6 5. Nc3 Nc6 6. Be2 e5 7. Nb3 Be7 8. Bg5 0-0 9. 0-0 Be6 10. Kh1 a5 11. a4 Nb4 12. f4 Rc8 13. f5 Bd7 14. Bf3 Bc6 15. Rf2 Qb6 16. Rd2 Rfd8 17. Bxf6 Bxf6 18. Nd5 Bxd5 19. exd5 Nxc2 20. Rxc2 Qxb3 21. Rxc8 Qxd1+ 22. Rxd1 Rxc8 23. g3 Rc2 24. Rb1 Rc4 25. b3 Rb4 26. Be2 Re4 27. Rc1 g6 28. Rc8+ Kg7 29. Bc4 Re1+ 30. Kg2 e4 31. fxg6 hxg6 32. Rb8 Bd4 33. Rxb7 Kf6 34. h4 e3 35. g4 Rb1 36. Kf3 Rh1 37. Rd7 Bc5 38. g5+ Kg7 39. Kg3 Rg1+ 40. Kf3 Rh1 41. Kg3 Bb4 42. Re7 Be1+ 43. Kg2 Rxh4 44. Rxe3 Bd2 45. Re7 Rg4+ 46. Kf3 Rxg5 47. Rd7 Bb4 48. Rb7 Rf5+ 49. Ke4 Re5+ 50. Kf4 g5+ 51. Kg4 Kg6 52. Rb8 f5+ 53. Kf3 g4+ 54. Kg2 Kg5 55. Rg8+ Kf4 56. Rg6 Re3 57. Rf6 Bc5 58. Rh6 Rg3+ 59. Kf1 Rg1+ 60. Ke2 Kg3 61. Kd3 Rd1+ 62. Ke2 Rd4 63. Rh1 f4 64. Rg1+ Kh4 65. Rh1+ Kg5 66. Rh8 f3+ 67. Ke1 Kf4 68. Rf8+ Kg3 69. Rf7 Bb4+ 0-1

[Event "Asian Online (Women)"]
[Site "Tornelo INT"]
[Date "2021.08.25"]
[Round "9"]
[White "Ahmed, Walijah"]
[Black "Hamid, Rani"]
[Result "1-0"]
[WhiteElo "1904"]
[BlackElo "1890"]
[PlyCount "107"]
[EventDate "2021.08.23"]
[EventType "swiss (rapid)"]
[EventRounds "9"]
[EventCountry "NET"]
[SourceTitle "CBM 204 Extra"]
[Source "ChessBase"]
[SourceDate "2021.11.30"]
[SourceVersion "1"]
[SourceVersionDate "2021.11.30"]
[SourceQuality "1"]

1. e4 c5 2. Nf3 e6 3. d4 cxd4 4. Nxd4 a6 5. Bd3 Nf6 6. 0-0 d6 7. Qe2 Be7 8. c4 0-0 9. Nc3 Nc6 10. Be3 Bd7 11. Rac1 Rc8 12. f4 Nxd4 13. Bxd4 Bc6 14. f5 exf5 15. Rxf5 Bd7 16. Rg5 Ne8 17. Rh5 g6 18. e5 dxe5 19. Rxe5 Bf6 20. Rd5 Bxd4+ 21. Rxd4 Qb6 22. Qf2 Be6 23. b3 Qc5 24. Ne4 Qe5 25. Re1 Qa5 26. c5 Bf5 27. b4 Qa3 28. Rb1 Rc6 29. Qd2 Rc7 30. Nc3 Bxd3 31. Rb3 Qxb3 32. axb3 Bf5 33. Nd5 Rd7 34. Nb6 Rxd4 35. Qxd4 Ng7 36. Nd5 Be6 37. h3 Kh8 38. Qe4 Rd8 39. Nf6 Bxb3 40. Qxb7 Bc4 41. c6 Rd1+ 42. Kh2 Nf5 43. c7 Be6 44. c8Q+ Bxc8 45. Qxc8+ Kg7 46. Ne8+ Kh6 47. Qc7 f6 48. Nxf6 Rd4 49. Ng4+ Kg5 50. Qc1+ Kh5 51. Nf6+ Kh4 52. g3+ Nxg3 53. Qh6+ Nh5 54. Nxh5 1-0

[Event "Asian Online (Women)"]
[Site "Tornelo INT"]
[Date "2021.08.24"]
[Round "5"]
[White "Gomes, Mary Ann"]
[Black "Hamid, Rani"]
[Result "1-0"]
[WhiteElo "2354"]
[BlackElo "1890"]
[PlyCount "105"]
[EventDate "2021.08.23"]
[EventType "swiss (rapid)"]
[EventRounds "9"]
[EventCountry "NET"]
[SourceTitle "CBM 204 Extra"]
[Source "ChessBase"]
[SourceDate "2021.11.30"]
[SourceVersion "1"]
[SourceVersionDate "2021.11.30"]
[SourceQuality "1"]

1. Nf3 Nf6 2. c4 c5 3. g3 Nc6 4. Bg2 g6 5. b3 Bg7 6. Bb2 d6 7. 0-0 0-0 8. d4 cxd4 9. Nxd4 Bd7 10. Nc2 Rb8 11. Nc3 a6 12. a4 Qc8 13. Ne3 Bh3 14. Rc1 Bxg2 15. Kxg2 Re8 16. Ba1 Ne5 17. Ncd5 Nxd5 18. cxd5 Qd7 19. h3 f5 20. f4 Nf7 21. Bxg7 Kxg7 22. Qd4+ Kg8 23. Rc2 Rbc8 24. Rfc1 Rxc2 25. Rxc2 Rc8 26. Rxc8+ Qxc8 27. Nc4 Qc5 28. Qxc5 dxc5 29. a5 Kf8 30. Kf3 Ke8 31. e4 fxe4+ 32. Kxe4 Kd8 33. h4 Kc7 34. g4 Nd6+ 35. Kd3 Ne8 36. g5 Ng7 37. Ne3 Kd6 38. Ke4 Nh5 39. Nc4+ Kd7 40. Ke5 Ng7 41. Nb6+ Kc7 42. Na4 Nf5 43. h5 c4 44. bxc4 Nd6 45. hxg6 hxg6 46. Nb6 Kd8 47. Ke6 Ne4 48. Kf7 Nc5 49. Kxg6 Nb3 50. Kf7 Nd4 51. g6 Nf5 52. g7 Nh6+ 53. Kf8 1-0

[Event "Asian Online (Women)"]
[Site "Tornelo INT"]
[Date "2021.08.23"]
[Round "2"]
[White "Soumya, Swaminathan"]
[Black "Hamid, Rani"]
[Result "1-0"]
[WhiteElo "2351"]
[BlackElo "1890"]
[PlyCount "115"]
[EventDate "2021.08.23"]
[EventType "swiss (rapid)"]
[EventRounds "9"]
[EventCountry "NET"]
[SourceTitle "CBM 204 Extra"]
[Source "ChessBase"]
[SourceDate "2021.11.30"]
[SourceVersion "1"]
[SourceVersionDate "2021.11.30"]
[SourceQuality "1"]

1. d4 d5 2. c4 e6 3. Nf3 Nf6 4. g3 Nbd7 5. Bg2 dxc4 6. Qa4 Be7 7. 0-0 0-0 8. Qxc4 c5 9. Rd1 Qb6 10. Nc3 cxd4 11. Nxd4 Ne5 12. Qb5 Qxb5 13. Ndxb5 a6 14. Nd6 Nc6 15. Be3 Rb8 16. Na4 b5 17. Nb6 Bxd6 18. Rxd6 Nb4 19. Bc5 Nbd5 20. Nxd5 exd5 21. Rxf6 gxf6 22. Bxf8 Kxf8 23. Bxd5 Be6 24. Be4 f5 25. Bd3 Rb6 26. b4 Ke7 27. a4 bxa4 28. Rxa4 Bc8 29. f3 Kf6 30. Kf2 h5 31. h4 Ke7 32. Ke3 Kf6 33. Kd4 Bb7 34. Kc3 Rc6+ 35. Kb2 Rb6 36. Kc3 Rd6 37. Ra5 Bc8 38. Rc5 Be6 39. e4 fxe4 40. fxe4 Rb6 41. Rxh5 Ke7 42. Ra5 Rc6+ 43. Kd4 Rd6+ 44. Kc3 Rc6+ 45. Rc5 Rb6 46. h5 Kf6 47. Be2 Kg7 48. g4 f6 49. g5 fxg5 50. Rxg5+ Kf6 51. Rg6+ Ke5 52. Bc4 Kxe4 53. Rxe6+ Rxe6 54. Bxe6 Ke5 55. h6 Kf6 56. Kc4 Kg6 57. Kc5 Kxh6 58. Kb6 1-0

[Event "BAN Games 9th"]
[Site "Dhaka"]
[Date "2021.04.05"]
[Round "2.4"]
[White "Hamid, Rani"]
[Black "Kazi Zarin, Tasnim"]
[Result "1/2-1/2"]
[WhiteElo "1920"]
[BlackElo "1790"]
[PlyCount "148"]
[EventDate "2021.04.04"]
[EventType "team-swiss"]
[EventRounds "5"]
[EventCountry "BAN"]
[SourceTitle "CBM 202 Extra"]
[Source "ChessBase"]
[SourceDate "2021.07.31"]
[SourceVersion "1"]
[SourceVersionDate "2021.07.31"]
[SourceQuality "1"]
[WhiteTeam "Bangladesh Ansar/VDP"]
[BlackTeam "Bangladesh Biman"]
[WhiteTeamCountry "BAN"]
[BlackTeamCountry "BAN"]

1. e4 e5 2. Nf3 Nc6 3. Bb5 a6 4. Ba4 Nf6 5. 0-0 Be7 6. Re1 b5 7. Bb3 d6 8. c3 0-0 9. h3 Nb8 10. d4 Nbd7 11. Nbd2 Bb7 12. Bc2 Re8 13. Nf1 Bf8 14. Ng3 g6 15. a4 Bg7 16. Bg5 h6 17. Bd2 d5 18. exd5 exd4 19. Nxd4 Bxd5 20. axb5 axb5 21. Nxb5 Rxe1+ 22. Bxe1 Rb8 23. Bd3 c6 24. Nd4 c5 25. Nde2 c4 26. Bc2 Rxb2 27. Nf4 Bc6 28. Nge2 Rxc2 29. Qxc2 g5 30. Nd4 Be4 31. Qd2 gxf4 32. Qxf4 Qb8 33. Qc1 Nc5 34. f3 Nb3 35. Qb2 Bd5 36. Bf2 Qb7 37. Rb1 Qd7 38. Ne2 Qf5 39. Rd1 Be6 40. Ng3 Qa5 41. Ne2 Nd5 42. Bd4 Nxd4 43. cxd4 Qb4 44. Qxb4 Nxb4 45. g4 Nd3 46. Kf1 h5 47. Rb1 hxg4 48. hxg4 f5 49. Rb6 Kf7 50. Rb7+ Kf8 51. Rb8+ Kf7 52. Rb7+ Kg8 53. Rb8+ Bf8 54. gxf5 Bxf5 55. Kg2 Kf7 56. Rb7+ Ke6 57. Rc7 Ne1+ 58. Kf2 Nd3+ 59. Kg1 Nb2 60. Kg2 Bd6 61. Rc6 Bd3 62. Nc3 Kd7 63. Rb6 Ba3 64. f4 Bc2 65. Kg3 Na4 66. Nxa4 Bxa4 67. Ra6 c3 68. Rxa4 c2 69. Rc4 c1Q 70. Rxc1 Bxc1 71. Kf3 Kd6 72. Ke4 Ke6 73. f5+ Kd6 74. d5 Bg5 1/2-1/2

[Event "BAN Games Blitz (Women) 9th"]
[Site "Dhaka"]
[Date "2021.04.03"]
[Round "1.4"]
[White "Noshin, Anjum"]
[Black "Hamid, Rani"]
[Result "1-0"]
[WhiteElo "1912"]
[BlackElo "1920"]
[PlyCount "54"]
[EventDate "2021.04.03"]
[EventType "swiss (blitz)"]
[EventRounds "9"]
[EventCountry "BAN"]
[SourceTitle "CBM 201 Extra"]
[Source "ChessBase"]
[SourceDate "2021.05.31"]
[SourceVersion "1"]
[SourceVersionDate "2021.05.31"]
[SourceQuality "1"]

1. e4 c5 2. Nf3 e6 3. b3 Nc6 4. Bb2 d6 5. d4 cxd4 6. Nxd4 Nf6 7. Nc3 Be7 8. Be2 0-0 9. 0-0 a6 10. Kh1 Qc7 11. f4 Bd7 12. Nf3 Rfd8 13. Qe1 Nb4 14. Bd3 d5 15. e5 Nxd3 16. cxd3 Ng4 17. Qg3 Nh6 18. Rac1 Nf5 19. Qh3 Qb6 20. Rfe1 h6 21. Re2 Rac8 22. Rec2 Qe3 23. Rd1 Qxf4 24. Ne2 Qb4 25. Bc3 Qb6 26. Nfd4 Nxd4 27. Bxd4 Qb5 1-0